000
00288nam a2200109Ia 4500
008
220204s9999 xx 000 0 und d
082
_a
34:336.271.1(548.3)
_b
INT.1
245
0
_a
Sales tax laws in Kerala. V 1.
260
_a
Trivandrum
_b
IBICS
_c
1977
650
_a
Sales tax laws
942
_c
BK
999
_c
27593
_d
27593